000 00588nam a22001697a 4500
005 20120202131357.0
008 120202t xxu||||| |||| 00| 0 eng d
020 _a8174453032
_c00.00
035 _aB-219633
040 _aDPL
_bENG
100 _aTiwari, Manish
_940594
245 _aTeaching of computer /
_cby Manish Tiwari
260 _aDelhi
_bMohit Publication
_c2005
300 _av, 296p.
_c18 cms.
942 _2ddc
_cEN
_h004
_mTIW
999 _c61816
_d61816